| 000 | 00884nam a22001937a 4500 | ||
|---|---|---|---|
| 005 | 20260304083743.0 | ||
| 008 | 240814b ||||| |||| 00| 0 eng d | ||
| 082 | _aDPer 155.205 J826 April-June 2020 v. 118 n. 4-6 | ||
| 100 |
_aCostin, Vlad. _eauthor. _957601 |
||
| 245 |
_aMeaning is about mattering : _bevaluating coherence, purpose, and existential mattering as precursors of meaning in life judgments / _cVlad Costin and Vivian L. Vignoles. |
||
| 260 |
_aWashington ; _bAmerican Psychological Association, _cApril 2020. |
||
| 300 |
_aVolume 118, pages 864-884 : _billustration ; _c28 cm. |
||
| 500 | _aJournal of Personality and Social Psychology, vol. 118, no. 4, pages 864-884, April 2020. | ||
| 650 |
_aPsychology. _960068 |
||
| 650 |
_aIndividuality. _919964 |
||
| 700 |
_aCostin, Vlad. _eauthor. _957601 |
||
| 700 |
_aVignoles, Vivian L. _eauthor. _957602 |
||
| 942 |
_2ddc _cPER |
||
| 999 |
_c20408 _d20408 |
||